Statistics for My Chemical Romance Na Na Na Lyrics

Click here to take the quiz!

General Stats

  • This quiz has been taken 846 times
  • The average score is 403 of 536

Answer Stats

Answer% Correct
Na
99%
na
99%
a
96%
I
96%
The
95%
the
95%
an
93%
do
91%
And
90%
and
90%
You
90%
you
90%
To
89%
to
89%
it
88%
no
88%
Drugs
87%
drugs
87%
me
86%
But
84%
don't
84%
Kill
84%
In
83%
in
83%
need
83%
what
83%
What
83%
when
83%
On
82%
on
82%
Gimme
81%
gimme
81%
your
81%
I'll
80%
go
79%
make
79%
Make
79%
is
78%
now
77%
take
77%
Take
77%
bullet
76%
noise
76%
some
76%
want
76%
All
75%
all
75%
loud
75%
more
75%
More
75%
Killjoys
74%
Love
74%
love
74%
up
74%
we
74%
future
73%
keep
73%
Keep
73%
aftermath
72%
bulletproof
72%
secondary
72%
Give
71%
got
70%
It's
70%
sell
70%
time
70%
From
69%
from
69%
gas
69%
be
67%
box
67%
cash
67%
every
67%
bag
66%
hit
66%
Hit
66%
X
66%
floor
65%
my
65%
wall
65%
let
63%
with
63%
em
62%
heart
62%
Fuck
61%
Like
61%
like
61%
V
61%
crawl
60%
Eight
60%
legs
60%
Shut
60%
us
60%
Put
58%
mad
57%
security
57%
sing
57%
formation
56%
enemy
54%
mall
54%
detonator
53%
were
53%
We're
53%
animal
52%
Standing
52%
can
51%
man
51%
world
51%
Batman
50%
Kiss
50%
Kennedy
47%
apology
46%
hands
46%
plastic
46%
property
45%
see
45%
surgery
45%
jazz
44%
sad
44%
open
43%
children
42%
party
42%
Everybody
41%
Thought
41%
will
41%
die
40%
fucking
40%
heaven
40%
save
40%
was
40%
Eat
39%
here
39%
right
39%
wants
39%
Battery
38%
City
38%
raise
38%
artery
37%
daggers
37%
detonation
37%
filthy
37%
garbage
37%
one
37%
palms
37%
Remember
37%
tell
37%
blow
36%
Let's
36%
run
36%
sky
36%
tiny
36%
bout
35%
neon
35%
their
35%
try
35%
company
34%
out
34%
burn
33%
made
33%
wanna
33%
Wanna
33%
angels
32%
change
32%
rather
32%
rats
32%
Scream
32%
this
32%
little
31%
way
31%
explode
30%
I'd
29%
opened
29%
information
28%
Hell
27%
Cut
25%
Oh
24%
Burning
23%
hair
23%
halls
23%
gag
22%
juvie
22%
purgatory
22%
cell
21%
bore
20%
Ritalin
20%
shell
20%
Than
19%
think
18%
we'd
18%
young
18%
Ask
17%
Crash
17%
or
17%
Pull
17%
loaded
16%
sleeper
16%
pin
15%
authority
14%
death
14%
victory
14%
Drop
12%
Dress
10%

Score Distribution

Percentile by Number Answered

Percent of People with Each Score

Your Score History

You have not taken this quiz